| 000 | 00538nam a22001937a 4500 | ||
|---|---|---|---|
| 003 | KOHA_MİRAKIL | ||
| 005 | 20251014145956.0 | ||
| 008 | 251014b tu ||||| |||| 00| 0 tur d | ||
| 020 | _a9789751042651 | ||
| 040 |
_aTR-AnABB _btur _cTR-AnABB |
||
| 041 | _atur | ||
| 082 |
_a813.42 _bARA 2021 |
||
| 100 | 1 | _aAras, Özgür, | |
| 245 | 1 | 0 |
_aBazı aşklar yenik başlar / _cÖzgür Aras |
| 260 |
_aİstanbul : _bİnkılap Kitapevi, _c2021 |
||
| 300 |
_a165 sayfa ; _c21 cm |
||
| 650 | 0 | 4 | _aTürk edebiyatı, roman |
| 942 |
_2ddc _cBK |
||
| 999 |
_c9152 _d9152 |
||
| 900 | _bGizem YORULMAZ | ||